000 00355nam a2200133Ia 4500
008 150201s2004 xx 000 0 und d
082 _a616.0757
_bD04B
100 _aBERRY,MANORAMA(PI)
245 _aDIAGNOSTIC RADIOLOGY PAEDIATRIC IMAGING
250 _a2ND
260 _bJAYPEE BROTHERS
_aDELHI
_c2004
650 _aRADIOLOGY & DIAGNOSIS
942 _2ddc
_cBK
999 _c1058
_d1058